Central Library OPAC University of Rajshahi

Rajshahi University Calendar / (Record no. 50703)

MARC details
000 -LEADER
fixed length control field 00639nam a2200205 a 4500
001 - CONTROL NUMBER
control field 50703
003 - CONTROL NUMBER IDENTIFIER
rucl marc code BD-RjUL
005 - DATE AND TIME OF LATEST TRANSACTION
control field 20211209075542.0
008 - FIXED-LENGTH DATA ELEMENTS--GENERAL INFORMATION
fixed length control field 170125s1981 bg ||||| |||| 00| 0 eng d
035 ## - SYSTEM CONTROL NUMBER
System control number (BD-RjUL)50823
040 ## - CATALOGING SOURCE
Original cataloging agency BD-RjUL
Language of cataloging eng
Transcribing agency BD-RjUL
Modifying agency BD-RjUL
041 ## - LANGUAGE CODE
Language code of text/sound track or separate title eng
082 ## - DEWEY DECIMAL CLASSIFICATION NUMBER
Edition number 23
Classification number 378.1012095492
Author mark and year UNR 1981
110 ## - MAIN ENTRY--CORPORATE NAME
Corporate name or jurisdiction name as entry element University of Rajshahi
9 (RLIN) 219272
245 10 - TITLE STATEMENT
Title Rajshahi University Calendar /
Statement of responsibility, etc. University of Rajshahi
260 ## - PUBLICATION, DISTRIBUTION, ETC. (IMPRINT)
Place of publication, distribution, etc. Rajshahi :
Name of publisher, distributor, etc. University of Rajshahi,
Date of publication, distribution, etc. 1981
300 ## - PHYSICAL DESCRIPTION
Pagination vi, 489 p. ;
Size 19 cm.
650 ## - SUBJECT ADDED ENTRY--TOPICAL TERM
Topical term or geographic name as entry element Education, Higher
General subdivision Policies and Regulations
Geographic subdivision Bangladesh
9 (RLIN) 186400
942 ## - ADDED ENTRY ELEMENTS (KOHA)
Source of classification or shelving scheme Dewey Decimal Classification
Koha item type Books
Holdings
Lost status Source of classification or shelving scheme Damaged status Not for loan Collection code Permanent Location Current Location Shelving location Date acquired Source of acquisition Total Checkouts Full call number Date last seen Copy number Koha item type
  Dewey Decimal Classification   Not For Loan Rare Books Central Library, University of Rajshahi Central Library, University of Rajshahi Rare Book Section 27/02/1994 Registrar, R.U.   RA 378.1012095492 UNR 1981 28/08/2016 C-2 Rare Books
  Dewey Decimal Classification     Non-fiction Central Library, University of Rajshahi Central Library, University of Rajshahi   27/02/1994 Registrar, R.U.   378.1012095492 UNR 1981 28/08/2016 C-3 Books
  Dewey Decimal Classification     Non-fiction Central Library, University of Rajshahi Central Library, University of Rajshahi   27/02/1994 Registrar, R.U.   378.1012095492 UNR 1981 28/08/2016 C-4 Books
  Dewey Decimal Classification   Not For Loan Non-fiction Central Library, University of Rajshahi Central Library, University of Rajshahi Reading Room 08/03/1982 Registrar, R.U.   378.1012095492 UNR 1981 20/11/2016 C-1 Books
  Dewey Decimal Classification     Non-fiction Central Library, University of Rajshahi Central Library, University of Rajshahi   21/04/2015 Registrar, R.U.   378.1012095492 UNR 1981 20/11/2016 C-5 Books